000 00811cam a2200205 4500
001 WB3732-46
008 010830n2001 000 0 eng u
035 _a(Sirsi) u114403
245 _aFuture of farming and food
260 _c2001
490 _aDEFRA News Release
_v29 August 2001, (2)
520 _aThe recently appointed independent Policy Commission on the Future of Farming and Food is to start work as soon as possible. Charged with conducting a far-reaching investigation into the future of the food chain, it will shortly issue a consultation document on its remit. In the meantime views can be sent to: [email protected]
590 _aWB
650 _aFARMING
650 _aCOMMISSION
650 _aFUTURE
650 _aRESEARCH
690 _aRural
_96268
942 _n0
999 _c68135
_d68135